Literary essays / (Record no. 77164)
[ view plain ]
| 000 -LEADER | |
|---|---|
| fixed length control field | 00780nam a2200253 a 4500 |
| 001 - CONTROL NUMBER | |
| control field | 77164 |
| 003 - CONTROL NUMBER IDENTIFIER | |
| rucl marc code | BD-RjUL |
| 005 - DATE AND TIME OF LATEST TRANSACTION | |
| control field | 20211209082931.0 |
| 008 - FIXED-LENGTH DATA ELEMENTS--GENERAL INFORMATION | |
| fixed length control field | 200227r19611948enk 000 0 eng |
| 035 ## - SYSTEM CONTROL NUMBER | |
| System control number | (BD-RjUL)77388 |
| 040 ## - CATALOGING SOURCE | |
| Original cataloging agency | DLC |
| Transcribing agency | VWM |
| Modifying agency | m.c |
| -- | OCL |
| -- | BD-RjUL |
| Language of cataloging | eng |
| 041 ## - LANGUAGE CODE | |
| Language code of text/sound track or separate title | eng |
| 082 ## - DEWEY DECIMAL CLASSIFICATION NUMBER | |
| Edition number | 23 |
| Classification number | 820.9 |
| Author mark and year | STL 1961 |
| 100 1# - MAIN ENTRY--PERSONAL NAME | |
| Personal name | Strachey, Lytton, |
| Dates associated with a name | 1880-1932. |
| 9 (RLIN) | 240042 |
| 245 10 - TITLE STATEMENT | |
| Title | Literary essays / |
| Statement of responsibility, etc. | by Lytton Strachey |
| 260 ## - PUBLICATION, DISTRIBUTION, ETC. (IMPRINT) | |
| Place of publication, distribution, etc. | London : |
| Name of publisher, distributor, etc. | Chatto & Windus, |
| Date of publication, distribution, etc. | 1948, [reprinted 1961] |
| 300 ## - PHYSICAL DESCRIPTION | |
| Pagination | 295 p. ; |
| Size | 20 cm. |
| 490 1# - SERIES STATEMENT | |
| Series statement | Collected works of Lytton Strachey |
| 650 #0 - SUBJECT ADDED ENTRY--TOPICAL TERM | |
| Topical term or geographic name as entry element | English literature |
| General subdivision | History and criticism |
| 9 (RLIN) | 240043 |
| Topical term or geographic name as entry element | French literature |
| General subdivision | History and criticism |
| 9 (RLIN) | 240044 |
| 942 ## - ADDED ENTRY ELEMENTS (KOHA) | |
| Source of classification or shelving scheme | Dewey Decimal Classification |
| Koha item type | Books |
| Lost status | Source of classification or shelving scheme | Damaged status | Not for loan | Collection code | Permanent Location | Current Location | Shelving location | Date acquired | Total Checkouts | Full call number | Date last seen | Copy number | Koha item type |
|---|---|---|---|---|---|---|---|---|---|---|---|---|---|
| Dewey Decimal Classification | Not For Loan | Non-fiction | Central Library, University of Rajshahi | Central Library, University of Rajshahi | Reading Room | 27/02/2020 | 820.9 STL 1961 | 27/02/2020 | C-1 | Books |